000
00277nam a2200097Ia 4500
008
220204s9999 xx 000 0 und d
082
_b
FOR;2
245
0
_a
Formulation of farm accounting : Guidelines on rubber plantation industry
260
_a
Calcutta
_b
ICWAI
_c
1999
942
_c
BK
999
_c
44181
_d
44181